000 00324nam a2200121 a 4500
005 20140414093846.0
008 100219s19uu xx uuu eng d
050 _aCDB 500
_bBAT 2000
245 _aBato Balani :
_bfor Science and Technology- vol. 19.
650 _aScience and Technology.
942 _cAVM
999 _c109622
_d109622